| 000 | 02033nam a2200445 a 4500 | ||
|---|---|---|---|
| 001 | ebr10494676 | ||
| 003 | CaPaEBR | ||
| 006 | m u | ||
| 007 | cr cn||||||||| | ||
| 008 | 110414s2011 enkabdf sb 001 0 eng d | ||
| 010 | _z 2011011526 | ||
| 020 | _z9780470747650 (cloth) | ||
| 020 | _z9781119990826 (oBook) | ||
| 020 | _z9781119977599 (ePub) | ||
| 020 | _z9781119977605 (Mobi) | ||
| 020 | _z9781119990833 (e-book) | ||
| 040 |
_aCaPaEBR _cCaPaEBR |
||
| 035 | _a(OCoLC)755702253 | ||
| 050 | 1 | 4 |
_aGC1085 _b.C475 2011eb |
| 082 | 0 | 4 |
_a628.1/68 _222 |
| 245 | 0 | 0 |
_aChemical marine monitoring _h[electronic resource] : _bpolicy framework and analytical trends / _cedited by Philippe Quevauviller, Patrick Roose, Gert Verreet. |
| 260 |
_aChichester, West Sussex ; _aHoboken, N.J. : _bJ. Wiley & Sons, _c2011. |
||
| 300 |
_axiv, 451 p., [6] p. of plates : _bill. (some col.), maps (some col.). |
||
| 490 | 1 | _aWater quality measurements series | |
| 504 | _aIncludes bibliographical references and index. | ||
| 505 | 0 | _apt. 1. Setting the scene -- pt. 2. Policy settings -- pt. 3. Marine monitored parameters, matrices and related techniques -- pt. 4. Types of monitoring -- pt. 5. Quality assurance -- pt. 6. Research and developments -- pt. 7. Conclusions. | |
| 533 |
_aElectronic reproduction. _bPalo Alto, Calif. : _cebrary, _d2013. _nAvailable via World Wide Web. _nAccess may be limited to ebrary affiliated libraries. |
||
| 650 | 0 |
_aMarine pollution _xMeasurement. |
|
| 650 | 0 |
_aMarine pollution _xPrevention _xInternational cooperation. |
|
| 650 | 0 | _aChemical oceanography. | |
| 650 | 0 | _aWater quality bioassay. | |
| 650 | 0 | _aEnvironmental monitoring. | |
| 655 | 7 |
_aElectronic books. _2local |
|
| 700 | 1 | _aQuevauviller, Ph. | |
| 700 | 1 | _aRoose, Patrick. | |
| 700 | 1 | _aVerreet, Gert. | |
| 710 | 2 | _aebrary, Inc. | |
| 830 | 0 | _aWater quality measurements series. | |
| 856 | 4 | 0 |
_uhttp://site.ebrary.com/lib/rucke/Doc?id=10494676 _zAn electronic book accessible through the World Wide Web; click to view |
| 999 |
_c129945 _d129945 |
||